• 首页
  • 本馆介绍
  • 公告通知
  • 最新文献
  • 馆藏检索
  • 电子资源
  • 读者导购
  • 参考咨询
  • 我的图书馆
  • 登录
  • 详细信息显示
  • 放入我的书架
  • 预约/预借图书
  • 作者相关作品
  • 分类相关作品
  • 丛书相关作品
  • 出版社相关作品

书目信息

  • 表格格式
  • 工作单格式
  • 卡片格式
题名:
新型万用表的使用技巧
    
 
作者: 沙占友 主编 ;睢丙东 , 王彦朋 编
分册:  
出版信息: 北京   机械工业出版社  2002
页数: 152页
开本: 26cm
丛书名:
单 册:
中图分类: TM938.1
科图分类:
主题词: 复用电表--基本知识 , 复用电表
电子资源:
ISBN: 7-111-09381-X
000 00977nam0 2200289 45
001 0900000018447
005 20051219144943.20
010    @a7-111-09381-X@dCNY16.00
092    @aCN
100    @a20041209d2002 ekmy0chiy0120 ea
101 0  @achi
102    @aCN@b110000
105    @aa az 000yy
200 1  @a新型万用表的使用技巧@9xin xing wan yong biao de shi yong ji qiao@f沙占友主编@Fsha zhan you zhu bian@g睢丙东,王彦朋编
210    @a北京@c机械工业出版社@d2002
215    @a152页@c图@d26cm
320    @a有书目
330    @a本书介绍了万用表的性能特点和使用注意事项,万用表电路工作原理,万用表的使用技巧,利用万用表检测新型电子元器件、常用仪器仪表和家用电器的原理及方法。
606 0  @a复用电表@x基本知识
606 0  @a复用电表
690    @aTM938.1@v4
701  0 @a沙占友@Asha zhan you@4主编
702  0 @a睢丙东@Asui bing dong@4编
702  0 @a王彦朋@Awang yan peng@4编
801  0 @aCN@bCXYBOOK@c20051219
905    @a10447@dTM938.1@e70
999    @aAFJ@eJDD
    
    新型万用表的使用技巧/沙占友主编/睢丙东,王彦朋编.-北京:机械工业出版社,2002
    152页:图;26cm
    
    
    ISBN 7-111-09381-X:CNY16.00
    本书介绍了万用表的性能特点和使用注意事项,万用表电路工作原理,万用表的使用技巧,利用万用表检测新型电子元器件、常用仪器仪表和家用电器的原理及方法。
●
相关链接 在E读中查询图书 在五车中查询图书 在当当中查询图书 在豆瓣中查询图书


正题名:新型万用表的使用技巧     索取号:TM938.1/70         预约/预借

序号 登录号 条形码 馆藏地/架位号 状态 备注
1 0371779   203717790   第二样本阅览室/ [索取号:TM938.1/70] 在馆    
2 0371780   203717807   第三借阅区/ [索取号:TM938.1/70] 在馆    
3 0371781   203717816   第三借阅区/ [索取号:TM938.1/70] 在馆    
4 0371782   203717825   第三借阅区/ [索取号:TM938.1/70] 在馆    
5 0371783   203717834   第三借阅区/ [索取号:TM938.1/70] 在馆    
唐山师范学院图书馆 欢迎您!
大连网信软件有限公司© 版权所有